ბათუმის შოთა რუსთაველის სახელმწიფო უნივერსიტეტის ბიბლიოთეკა

История России XX-начала XXI века. (ბიბ.ჩანაწერი № 35235)

000 -LEADER
fixed length control field 00620nam a2200229Ia 4500
001 - CONTROL NUMBER
control field 1081
003 - CONTROL NUMBER IDENTIFIER
control field GE_BSU
008 - FIXED-LENGTH DATA ELEMENTS--GENERAL INFORMATION
fixed length control field 181216s||||||||xx |||||||||||||| ||und||
020 ## - INTERNATIONAL STANDARD BOOK NUMBER
International Standard Book Number 5222038084
040 ## - CATALOGING SOURCE
Transcribing agency GE_BSU
080 ## - UNIVERSAL DECIMAL CLASSIFICATION NUMBER
Universal Decimal Classification number 94(470)(075.8)
100 ## - MAIN ENTRY--PERSONAL NAME
Personal name Терещенко,Ю.Я.
245 ## - TITLE STATEMENT
Title История России XX-начала XXI века.
245 ## - TITLE STATEMENT
Remainder of title Филологическое общество "Слово
260 ## - PUBLICATION, DISTRIBUTION, ETC.
Place of publication, distribution, etc. Ростов на Дону
260 ## - PUBLICATION, DISTRIBUTION, ETC.
Name of publisher, distributor, etc. Феникс
260 ## - PUBLICATION, DISTRIBUTION, ETC.
Date of publication, distribution, etc. 2004
300 ## - PHYSICAL DESCRIPTION
Extent 448стр.
653 ## - INDEX TERM--UNCONTROLLED
Uncontrolled term История России
942 ## - ADDED ENTRY ELEMENTS (KOHA)
Koha item type წიგნი
ეგზემპლარები
Withdrawn status Lost status Damaged status Not for loan Date acquired Barcode Date last seen Price effective from Koha item type Public note
        2018-12-17 1585 2018-12-17 2018-12-17 წიგნი დარბაზი